Tennis Players to win a Grand Slam without dropping a set (Male) - Statistics

General Stats
  • This quiz has been taken 122 times
  • The average score is 10 of 11
Answer Stats
Hint Answer % Correct
2008 Rafael Nadal
100%
2010 Rafael Nadal
100%
2017 Rafael Nadal
100%
2020 Rafael Nadal
100%
2007 Roger Federer
99%
2017 Roger Federer
99%
1976 Bjorn Borg
93%
1978 Bjorn Borg
93%
1980 Bjorn Borg
93%
1973 Ilie Nastase
52%
1971 Ken Rosewall
44%
No matching quizzes found
Score Distribution
Percent of People with Each Score
Percentile by Number Answered
Your Score History
You have not taken this quiz